[Event "Turkish League 2012"]
[Site "?"]
[Date "2012.07.19"]
[Round "10"]
[White "Malakhov, Vladimir"]
[Black "Durarbayli, Vasif"]
[Result "1/2-1/2"]
[WhiteElo "2712"]
[BlackElo "2576"]
[PlyCount "80"]
[EventDate "2012.??.??"]

1. c4 Nf6 2. Nc3 c5 3. Nf3 e6 4. e4 Nc6 5. Be2 Be7 6. d4 cxd4 7. Nxd4 O-O 8.
O-O d5 9. exd5 exd5 10. Nxc6 bxc6 11. cxd5 Nxd5 12. Nxd5 cxd5 13. Be3 Bf6 14.
Bd4 Be6 15. Qd2 Bxd4 16. Qxd4 Qb6 17. Qxb6 axb6 18. Rfd1 Rfc8 19. Rd2 Kf8 20.
a3 Rc5 21. Rad1 Rac8 22. f4 Rc2 23. Kf2 Ke7 24. Ke3 Kd6 25. Bd3 Rxd2 26. Rxd2
Rc1 27. Kd4 h6 28. g3 Bg4 29. Bc2 Rf1 30. Kc3 Bd7 31. Bd3 Re1 32. Be2 g5 33.
Bf3 Bc6 34. fxg5 hxg5 35. Kd4 f5 36. Be2 f4 37. gxf4 gxf4 38. Bd3 Rg1 39. Rf2
Rg4 40. h3 Rh4 1/2-1/2

[Event "Turkish League 2012"]
[Site "?"]
[Date "2012.07.19"]
[Round "10"]
[White "Mamedyarov, Shakhriyar"]
[Black "Tiviakov, Sergei"]
[Result "1/2-1/2"]
[WhiteElo "2726"]
[BlackElo "2675"]
[PlyCount "38"]
[EventDate "2012.??.??"]

1. d4 Nf6 2. c4 e6 3. Nc3 Bb4 4. Qc2 O-O 5. a3 Bxc3+ 6. Qxc3 d6 7. Bg5 Nbd7 8.
e3 c5 9. Bd3 b6 10. Ne2 Bb7 11. Rd1 Rc8 12. d5 h6 13. Bf4 exd5 14. Bxd6 Re8 15.
O-O Ne4 16. Bxe4 Rxe4 17. cxd5 Nf6 18. Bg3 Nxd5 19. Qc2 Qe8 1/2-1/2

[Event "Turkish League 2012"]
[Site "?"]
[Date "2012.07.19"]
[Round "10"]
[White "Mchedlishvili, Mikheil"]
[Black "Bologan, Viktor"]
[Result "1/2-1/2"]
[WhiteElo "2656"]
[BlackElo "2732"]
[PlyCount "59"]
[EventDate "2012.??.??"]

1. d4 Nf6 2. Nf3 c5 3. d5 b5 4. e4 Bb7 5. Bxb5 Qa5+ 6. Nc3 Nxe4 7. Rb1 e6 8.
dxe6 fxe6 9. Ne5 Nf6 10. Bg5 Be7 11. Bxf6 Bxf6 12. Nxd7 Bxc3+ 13. bxc3 Bc6 14.
Bxc6 Qxc3+ 15. Qd2 Qxd2+ 16. Kxd2 Nxc6 17. Nxc5 O-O 18. Nd3 Rad8 19. f3 Rf5 20.
Ke3 Ra5 21. Rb2 Ne5 22. Nxe5 Rxe5+ 23. Kf4 Re2 24. Kg3 h6 25. a4 Rd4 26. c3
Rxb2 27. cxd4 Ra2 28. Rd1 Rxa4 29. d5 exd5 30. Rxd5 1/2-1/2

[Event "Dortmund Sparkassen"]
[Site "?"]
[Date "2012.07.19"]
[Round "6"]
[White "Caruana, Fabiano"]
[Black "Meier, Georg"]
[Result "1/2-1/2"]
[WhiteElo "2775"]
[BlackElo "2644"]
[PlyCount "115"]
[EventDate "2012.??.??"]

1. e4 e6 2. d4 d5 3. Nc3 Nf6 4. e5 Nfd7 5. f4 c5 6. Nf3 Nc6 7. Be3 Be7 8. Qd2
O-O 9. Be2 a6 10. O-O b5 11. a3 Bb7 12. Kh1 Qc7 13. dxc5 Nxc5 14. Qe1 f6 15.
Bxc5 Bxc5 16. Bd3 f5 17. Ne2 d4 18. b4 Bb6 19. a4 Qe7 20. axb5 axb5 21. Rb1 Ra2
22. Nc1 Ra4 23. Bxb5 Rxb4 24. Nd3 Rxb1 25. Qxb1 Rc8 26. Bc4 Na5 27. Ba2 Rc6 28.
Ng5 Bd8 29. Qb4 Bc8 30. Qxd4 h6 31. Nf3 Rxc2 32. Nb4 Nc6 33. Nxc6 Rxc6 34. Qa4
Bd7 35. Rd1 Rc1 36. Qb3 Qc5 37. Qd3 Rxd1+ 38. Qxd1 Bb6 39. h3 Bc8 40. Qa4 Kf7
41. Kh2 Ke7 42. h4 Bd7 43. Qd1 Qb4 44. Qd6+ Qxd6 45. exd6+ Kxd6 46. Ne5 Bc8 47.
Nc4+ Kc5 48. Nxb6 Kxb6 49. Kg3 Kc5 50. Kf2 Kd4 51. Bb3 e5 52. fxe5 Kxe5 53. g3
f4 54. Bd1 g5 55. hxg5 hxg5 56. gxf4+ Kxf4 57. Bf3 g4 58. Bxg4 1/2-1/2

[Event "Dortmund Sparkassen"]
[Site "?"]
[Date "2012.07.19"]
[Round "6"]
[White "Fridman, Daniel"]
[Black "Kramnik, Vladimir"]
[Result "1/2-1/2"]
[WhiteElo "2655"]
[BlackElo "2799"]
[PlyCount "77"]
[EventDate "2012.??.??"]

1. d4 Nf6 2. c4 g6 3. Nc3 d5 4. Nf3 Bg7 5. Bf4 O-O 6. e3 c5 7. dxc5 Ne4 8. Rc1
Nd7 9. cxd5 Qa5 10. Nd4 Nxc3 11. bxc3 Qxa2 12. Qb3 Qxb3 13. Nxb3 a5 14. c6 Nf6
15. d6 bxc6 16. dxe7 Re8 17. Nd4 Bd7 18. Bd6 Ne4 19. Ba3 c5 20. Bd3 Rxe7 21.
Bxe4 Rxe4 22. Bxc5 Rc8 23. Ba3 f5 24. g3 g5 25. Kd2 Rce8 26. Rhe1 f4 27. exf4
Rxe1 28. Rxe1 Rxe1 29. Kxe1 gxf4 30. Kd2 Kf7 31. Kd3 fxg3 32. hxg3 h5 33. f4
Bf6 34. Kc4 h4 35. gxh4 Bxh4 36. Nf3 Bf6 37. Ne5+ Bxe5 38. fxe5 Ke6 39. Bd6
1/2-1/2

[Event "Dortmund Sparkassen"]
[Site "?"]
[Date "2012.07.19"]
[Round "6"]
[White "Gustafsson, Jan"]
[Black "Naiditsch, Arkadij"]
[Result "0-1"]
[WhiteElo "2629"]
[BlackElo "2700"]
[PlyCount "50"]
[EventDate "2012.??.??"]

1. d4 Nf6 2. c4 g6 3. Nc3 Bg7 4. e4 d6 5. Nf3 O-O 6. Be2 e5 7. O-O Na6 8. Be3
Ng4 9. Bg5 Qe8 10. Re1 exd4 11. Nxd4 Qe5 12. Nf3 Qc5 13. Bh4 Be6 14. Nd2 h5 15.
Nb3 Qb6 16. Bxg4 Bxg4 17. Qd3 Nb4 18. Qb1 a5 19. Nd2 Qd4 20. Bg5 Qd3 21. Nd5
Qxb1 22. Raxb1 Nxd5 23. cxd5 a4 24. Rec1 Rfc8 25. Be3 Be2 0-1

[Event "Dortmund Sparkassen"]
[Site "?"]
[Date "2012.07.19"]
[Round "6"]
[White "Leko, Peter"]
[Black "Karjakin, Sergey"]
[Result "1/2-1/2"]
[WhiteElo "2730"]
[BlackElo "2779"]
[PlyCount "66"]
[EventDate "2012.??.??"]

1. d4 Nf6 2. c4 e6 3. g3 d5 4. Nf3 Be7 5. Bg2 O-O 6. O-O dxc4 7. Qc2 a6 8. a4
Bd7 9. Qxc4 Bc6 10. Bg5 Bd5 11. Qd3 c5 12. Nc3 Bc6 13. Rfd1 Qa5 14. Ne5 Bxg2
15. Kxg2 cxd4 16. Qxd4 Rd8 17. Qc4 Qxe5 18. Rxd8+ Bxd8 19. Bf4 Qa5 20. Qc8 Qb6
21. f3 g5 22. a5 Nc6 23. Qxa8 Qxb2 24. Bxg5 Kg7 25. Rd1 Qxc3 26. Rxd8 Nxd8 27.
Qxd8 Nd5 28. e4 Ne3+ 29. Bxe3 Qxe3 30. g4 Qe2+ 31. Kg3 Qe1+ 32. Kg2 Qe2+ 33.
Kg3 Qe1+ 1/2-1/2

[Event "Dortmund Sparkassen"]
[Site "?"]
[Date "2012.07.19"]
[Round "6"]
[White "Ponomariov, Ruslan"]
[Black "Bartel, Mateusz"]
[Result "0-1"]
[WhiteElo "2726"]
[BlackElo "2674"]
[PlyCount "102"]
[EventDate "2012.??.??"]

1. e4 e5 2. Nf3 Nc6 3. Bb5 a6 4. Ba4 Nf6 5. O-O Be7 6. d3 d6 7. c3 O-O 8. Re1
b5 9. Bc2 Nd7 10. d4 Bb7 11. Nbd2 Bf6 12. Nf1 Re8 13. Ne3 Nb6 14. Ng4 Bc8 15.
h3 Bxg4 16. hxg4 g6 17. d5 Ne7 18. g3 Qd7 19. g5 Bg7 20. Kg2 c6 21. dxc6 Qxc6
22. Nh2 d5 23. exd5 Nexd5 24. Be4 Rad8 25. Qf3 Qe6 26. Ng4 Na4 27. Rd1 Nc7 28.
Rxd8 Rxd8 29. Bc2 Nc5 30. Be3 Nd3 31. Rd1 e4 32. Nf6+ Bxf6 33. Qxf6 Qxf6 34.
gxf6 Nd5 35. Bd4 Nxb2 36. Re1 e3 37. Be4 exf2 38. Kxf2 h5 39. Kf3 Nc7 40. Bb7
Rb8 41. Re7 Rxb7 42. Be5 Rb6 43. Rxc7 Nc4 44. Bd4 Re6 45. Kf4 Nd6 46. Ra7 Nf5
47. Be5 Nxg3 48. Re7 Nf5 49. Rd7 Nh6 50. Re7 Ng4 51. Bd4 Kf8 0-1

[Event "Turkish League 2012"]
[Site "?"]
[Date "2012.07.20"]
[Round "11"]
[White "Bologan, Viktor"]
[Black "Malakhov, Vladimir"]
[Result "0-1"]
[WhiteElo "2732"]
[BlackElo "2712"]
[PlyCount "108"]
[EventDate "2012.??.??"]

1. d4 d5 2. c4 c6 3. Nc3 Nf6 4. Nf3 a6 5. c5 Nbd7 6. Bf4 Nh5 7. Bd2 Nhf6 8. Rc1
g6 9. h3 Qc7 10. g3 Bg7 11. Bg2 O-O 12. Bf4 Qd8 13. O-O Nh5 14. Bd2 f5 15. Qb3
Kh8 16. Ng5 Ndf6 17. Na4 h6 18. Nf3 Ne4 19. Be1 Kh7 20. Qb6 Ng5 21. Qxd8 Rxd8
22. Ba5 Rf8 23. Bc7 Ne6 24. Be5 Bxe5 25. dxe5 f4 26. Nb6 Rb8 27. Kh2 Ng5 28.
Nd4 Ne6 29. Nb3 Ng5 30. Rc3 fxg3+ 31. fxg3 Rxf1 32. Bxf1 Be6 33. Bg2 Rf8 34.
Nd4 Ng7 35. h4 Ne4 36. Rc1 Bg4 37. Bf3 h5 38. Kg2 Nf5 39. Nxf5 gxf5 40. b4 Rg8
41. Rf1 Bxf3+ 42. Rxf3 e6 43. Kh2 Kg6 44. a4 Kf7 45. a5 Ke7 46. Kh3 Kd8 47. Na4
Nd2 48. Rd3 Nc4 49. Nb6 Rg4 50. Nxc4 Rxc4 51. Rb3 Rc2 52. g4 fxg4+ 53. Kg3 Rxe2
54. Kf4 Kd7 0-1

[Event "Turkish League 2012"]
[Site "?"]
[Date "2012.07.20"]
[Round "11"]
[White "Nielsen, Peter Heine"]
[Black "Mamedyarov, Shakhriyar"]
[Result "1/2-1/2"]
[WhiteElo "2665"]
[BlackElo "2726"]
[PlyCount "25"]
[EventDate "2012.??.??"]

1. d4 d5 2. c4 c6 3. Nc3 Nf6 4. cxd5 cxd5 5. Nf3 Nc6 6. Bf4 Bf5 7. e3 e6 8. Qb3
Bb4 9. Bb5 Qa5 10. O-O Bxc3 11. bxc3 O-O 12. Be2 Qb6 13. c4 1/2-1/2

[Event "Dortmund Sparkassen"]
[Site "?"]
[Date "2012.07.20"]
[Round "7"]
[White "Bartel, Mateusz"]
[Black "Fridman, Daniel"]
[Result "1/2-1/2"]
[WhiteElo "2674"]
[BlackElo "2655"]
[PlyCount "105"]
[EventDate "2012.??.??"]

1. c4 e6 2. Nf3 d5 3. g3 dxc4 4. Qa4+ Nd7 5. Qxc4 a6 6. d3 c5 7. Bg2 Ngf6 8.
Qc2 b5 9. a4 Bb7 10. O-O Be7 11. Nc3 Qb6 12. Qb3 Nd5 13. axb5 axb5 14. Rxa8+
Bxa8 15. Bg5 Nxc3 16. Qxc3 Bxg5 17. Nxg5 O-O 18. Ne4 Bb7 19. Ra1 f5 20. Ng5
Bxg2 21. Kxg2 Qc6+ 22. Kg1 h6 23. Nf3 Ra8 24. Rc1 Qd5 25. Nh4 g5 26. Nf3 Ra4
27. Nd2 g4 28. Qc2 Qe5 29. Nc4 Qd4 30. Na3 Qb4 31. d4 cxd4 32. Qc8+ Nf8 33. Qe8
Ra7 34. Rc8 Kg7 35. Nxb5 Rf7 36. Kf1 d3 37. exd3 Qd2 38. Qc6 Qxd3+ 39. Kg2 f4
40. gxf4 Ng6 41. Qc3+ e5 42. Qxd3 Nxf4+ 43. Kg3 Nxd3 44. Rc7 Nxb2 45. Kxg4 Nd3
46. Rxf7+ Kxf7 47. Kf5 Nxf2 48. Kxe5 Ng4+ 49. Kf4 Nxh2 50. Nd6+ Kg6 51. Nf5 Nf3
52. Nxh6 Kxh6 53. Kxf3 1/2-1/2

[Event "Dortmund Sparkassen"]
[Site "?"]
[Date "2012.07.20"]
[Round "7"]
[White "Karjakin, Sergey"]
[Black "Caruana, Fabiano"]
[Result "1/2-1/2"]
[WhiteElo "2779"]
[BlackElo "2775"]
[PlyCount "82"]
[EventDate "2012.??.??"]

1. e4 c5 2. Nf3 e6 3. d4 cxd4 4. Nxd4 a6 5. Bd3 Bc5 6. Nb3 Ba7 7. O-O Nc6 8.
Qg4 Nf6 9. Qg3 d6 10. Kh1 e5 11. Nc3 Nh5 12. Qf3 Qh4 13. g3 Qg4 14. Qxg4 Bxg4
15. Nd5 Rc8 16. Kg2 Be6 17. Nd2 Nf6 18. Nc4 Bc5 19. Nxf6+ gxf6 20. c3 h5 21. h4
Ne7 22. Ne3 d5 23. exd5 Nxd5 24. Nf5 Rg8 25. Be4 Rd8 26. Re1 Rd7 27. Bh6 Nf4+
28. Bxf4 exf4 29. b4 Bb6 30. Rad1 fxg3 31. fxg3 Rxd1 32. Rxd1 Bc7 33. c4 Rg4
34. Kf3 Bxf5 35. Bxf5 Rxc4 36. a3 Rc3+ 37. Rd3 Rxd3+ 38. Bxd3 Kf8 39. Be4 b6
40. a4 b5 41. axb5 axb5 1/2-1/2

[Event "Dortmund Sparkassen"]
[Site "?"]
[Date "2012.07.20"]
[Round "7"]
[White "Kramnik, Vladimir"]
[Black "Leko, Peter"]
[Result "1/2-1/2"]
[WhiteElo "2799"]
[BlackElo "2730"]
[PlyCount "267"]
[EventDate "2012.??.??"]

1. d4 Nf6 2. c4 e6 3. g3 d5 4. Bg2 Bb4+ 5. Bd2 Be7 6. Nf3 c6 7. O-O Nbd7 8. Qb3
O-O 9. Rc1 Nb6 10. Ba5 dxc4 11. Qd1 Qd5 12. Bc3 Qb5 13. a4 Qa6 14. Nbd2 Nbd5
15. Ne5 c5 16. Ndxc4 Nxc3 17. bxc3 Nd7 18. Qb3 Rb8 19. Qb5 Qxb5 20. axb5 cxd4
21. cxd4 Nxe5 22. Nxe5 f6 23. Nc4 Bd7 24. b6 axb6 25. Nxb6 Be8 26. Rab1 Bg6 27.
Ra1 Rfd8 28. e3 Bd3 29. Bh3 f5 30. Bf1 Bxf1 31. Kxf1 Rd6 32. Rcb1 Bd8 33. Nc4
Rd7 34. Ne5 Rc7 35. Ra6 b6 36. Kg2 Bf6 37. Nd3 Rcb7 38. Rb5 Bd8 39. Re5 Re7 40.
Nf4 Kf7 41. Nd3 Rc8 42. Rb5 Kf6 43. h4 g6 44. Kf3 h5 45. Ra2 Rb7 46. Ne5 Kg7
47. Ke2 Kf6 48. Kd3 Rbc7 49. Kd2 Rb7 50. Kd3 Rbc7 51. Rb3 Rb7 52. Nc4 Bc7 53.
Rb5 Rcb8 54. Rab2 Ra7 55. Rc2 Ke7 56. e4 fxe4+ 57. Kxe4 Rd8 58. Ne3 Rd7 59. Rc6
Ra4 60. Nc4 Kf7 61. Rb3 Ra2 62. f4 Ra4 63. Ke3 Ra1 64. Nd2 Ke7 65. Nf3 Ra7 66.
Rb5 Ra5 67. Rxa5 bxa5 68. Ke4 Bd6 69. Ra6 Rb7 70. Rxa5 Bb8 71. Ra6 Rb3 72. Ng5
Rxg3 73. Rxe6+ Kd7 74. Rxg6 Rg4 75. Rg7+ Kc8 76. Ne6 Rxh4 77. Rh7 Bd6 78. Kd5
Bxf4 79. Kc6 Kb8 80. Kb6 Kc8 81. Kc6 Kb8 82. Rb7+ Ka8 83. Rb5 Rg4 84. Ra5+ Kb8
85. Rxh5 Bg3 86. Rh8+ Ka7 87. Rh7+ Kb8 88. Rb7+ Kc8 89. Rf7 Kb8 90. d5 Rc4+ 91.
Nc5 Rc2 92. Rb7+ Ka8 93. Rb5 Bh2 94. Rb1 Ka7 95. Rb7+ Ka8 96. Rg7 Kb8 97. Rg8+
Ka7 98. Rg7+ Kb8 99. Rg6 Ka7 100. d6 Bxd6 101. Rxd6 Rc1 102. Rd2 Kb8 103. Ra2
Rc3 104. Rb2+ Kc8 105. Re2 Kd8 106. Kd6 Rc1 107. Nb7+ Kc8 108. Re7 Rd1+ 109.
Kc6 Rc1+ 110. Nc5 Kd8 111. Re2 Rc3 112. Kd6 Rc1 113. Ne6+ Kc8 114. Rd2 Rc3 115.
Nc5 Rc1 116. Re2 Kd8 117. Re3 Rc2 118. Ne6+ Kc8 119. Rd3 Rc1 120. Rd5 Rc2 121.
Rd1 Rc3 122. Nf4 Rb3 123. Rc1+ Kb7 124. Nd5 Rb2 125. Rc7+ Kb8 126. Rh7 Rb1 127.
Nc3 Rb6+ 128. Kc5 Rb3 129. Ne4 Rb7 130. Rh8+ Kc7 131. Nd6 Rb1 132. Rh7+ Kd8
133. Nb7+ Ke8 134. Kc6 1/2-1/2

[Event "Dortmund Sparkassen"]
[Site "?"]
[Date "2012.07.20"]
[Round "7"]
[White "Meier, Georg"]
[Black "Gustafsson, Jan"]
[Result "1/2-1/2"]
[WhiteElo "2644"]
[BlackElo "2629"]
[PlyCount "106"]
[EventDate "2012.??.??"]

1. c4 c6 2. e4 d5 3. exd5 cxd5 4. d4 Nf6 5. Nc3 Nc6 6. Nf3 Bg4 7. cxd5 Nxd5 8.
Qb3 Bxf3 9. gxf3 e6 10. Qxb7 Nxd4 11. Bb5+ Nxb5 12. Qc6+ Ke7 13. Qxb5 Qd7 14.
Nxd5+ Qxd5 15. Bg5+ f6 16. Qxd5 exd5 17. Be3 Ke6 18. O-O-O Bb4 19. a3 Rhc8+ 20.
Kb1 Bc5 21. Rhe1 Bxe3 22. Rxe3+ Kd6 23. Rde1 Rc4 24. Re6+ Kc5 25. Rg1 Rh4 26.
Rc1+ Rc4 27. Rg1 Rh4 28. Rc1+ Rc4 29. Rd1 a5 30. Re7 Rh4 31. Rd7 Rxh2 32.
R1xd5+ Kc6 33. R5d6+ Kc5 34. Rd2 Rg2 35. a4 Kc6 36. R7d6+ Kc7 37. R6d3 Rb8 38.
Rd5 Rg5 39. Rxg5 fxg5 40. Rd5 h6 41. Rxa5 Rb4 42. Ra7+ Kb8 43. Rxg7 Rxa4 44.
Rg6 Rh4 45. Kc1 Rh2 46. Kd2 Rxf2+ 47. Ke3 Rxb2 48. Rxh6 Kc7 49. Rg6 Rb5 50. Kf2
Kd7 51. Kg3 Rf5 52. Kg4 Rf4+ 53. Kxg5 Rxf3 1/2-1/2

[Event "Dortmund Sparkassen"]
[Site "?"]
[Date "2012.07.20"]
[Round "7"]
[White "Naiditsch, Arkadij"]
[Black "Ponomariov, Ruslan"]
[Result "1/2-1/2"]
[WhiteElo "2700"]
[BlackElo "2726"]
[PlyCount "83"]
[EventDate "2012.??.??"]

1. e4 e5 2. Nf3 Nc6 3. Bb5 a6 4. Ba4 Nf6 5. O-O Be7 6. d3 d6 7. c4 O-O 8. h3
Nd7 9. Be3 Bf6 10. Nc3 Nd4 11. Bxd7 Bxd7 12. Nd5 b5 13. c5 dxc5 14. Rc1 c6 15.
Nxf6+ Qxf6 16. Rxc5 Nxf3+ 17. Qxf3 Qxf3 18. gxf3 Rae8 19. Kh2 f5 20. Rg1 Rf6
21. d4 exd4 22. Bxd4 Rg6 23. Rxg6 hxg6 24. Be5 Kf7 25. h4 Rh8 26. Kg3 Rh5 27.
Bf4 fxe4 28. Rxh5 gxh5 29. fxe4 Be6 30. a3 c5 31. Bd6 b4 32. a4 a5 33. Bxc5 Bd7
34. Bb6 Bxa4 35. Bxa5 b3 36. Kf4 g6 37. Bc3 Bd7 38. Kg5 Bg4 39. f4 Bf3 40. f5
Bxe4 41. fxg6+ Bxg6 42. Kf4 1/2-1/2

[Event "Macedonian League"]
[Site "Struga, hotel"]
[Date "2012.07.20"]
[Round "5"]
[White "Andreikin, Dmitry"]
[Black "Menkinoski, Riste"]
[Result "1-0"]
[WhiteElo "2700"]
[BlackElo "2352"]
[PlyCount "122"]
[EventDate "2012.07.16"]
[EventType "team"]
[EventRounds "7"]
[WhiteTeam "ALKALOID, Skopje"]
[BlackTeam "PRILEP, Prilep"]

1. e4 c6 2. d4 d5 3. f3 e6 4. Nc3 Bb4 5. Bf4 Ne7 6. Nge2 O-O 7. Qd2 Nd7 8. Bg3
b5 9. Bh4 Nb6 10. b3 Qe8 11. a3 Bd6 12. Bg3 Qd8 13. Bxd6 Qxd6 14. e5 Qc7 15.
Ng3 f6 16. exf6 Rxf6 17. Bd3 e5 18. dxe5 Qxe5+ 19. Kf2 Nf5 20. Rae1 Qd4+ 21.
Kf1 Qh4 22. Qf2 Nxg3+ 23. Qxg3 Qxg3 24. hxg3 Bf5 25. Bxf5 Rxf5 26. Re6 Rf6 27.
Rxf6 gxf6 28. Ne2 c5 29. Rh5 Rd8 30. b4 Rc8 31. c3 Nc4 32. Nf4 Nxa3 33. Rxd5
cxb4 34. cxb4 Rc4 35. Rd8+ Kg7 36. Rd7+ Kh6 37. Rxa7 Nc2 38. Nd5 Nxb4 39. Nxf6
Nc6 40. Rb7 b4 41. Kf2 Rc2+ 42. Ke3 Kg6 43. Nd5 Kf5 44. Kd3 Rb2 45. Ne3+ Ke6
46. Rxh7 Ne5+ 47. Ke4 Nf7 48. Rh1 Rd2 49. Rb1 Nd6+ 50. Kf4 Rd4+ 51. Kg5 Nf7+
52. Kh5 Ne5 53. g4 Nd3 54. g5 Kf7 55. g3 Rd8 56. f4 Re8 57. Nf5 Rd8 58. Ne3 Rb8
59. g6+ Kf6 60. Nd5+ Ke6 61. Ne3 Kf6 1-0

[Event "Turkish League 2012"]
[Site "?"]
[Date "2012.07.21"]
[Round "12"]
[White "Malakhov, Vladimir"]
[Black "Savchenko, Boris"]
[Result "1-0"]
[WhiteElo "2709"]
[BlackElo "2550"]
[PlyCount "85"]
[EventDate "2012.??.??"]

1. c4 e6 2. Nf3 Nf6 3. g3 d5 4. b3 Be7 5. Bg2 O-O 6. O-O c5 7. Bb2 Nc6 8. e3 b6
9. Nc3 Bb7 10. cxd5 Nxd5 11. Nxd5 Qxd5 12. d4 Rad8 13. Ne5 Qd6 14. dxc5 Qxc5
15. Nd7 Qf5 16. e4 Qg5 17. h4 Qh6 18. Bc1 g5 19. hxg5 Bxg5 20. f4 Be7 21. Qg4+
Qg6 22. Qxg6+ hxg6 23. Nxf8 Bc5+ 24. Kh2 Kxf8 25. Bb2 Ke7 26. Rad1 Bd4 27. Bxd4
Nxd4 28. Rf2 e5 29. fxe5 Bc8 30. Bh3 Rh8 31. Rxd4 Bxh3 32. Kg1 Rc8 33. Rc4 Rxc4
34. bxc4 Be6 35. c5 bxc5 36. Rd2 a5 37. Kf2 a4 38. a3 f6 39. exf6+ Kxf6 40. Ke3
Ke7 41. Kf2 Kf6 42. Ke3 Ke5 43. Rd8 1-0

[Event "Turkish League 2012"]
[Site "?"]
[Date "2012.07.21"]
[Round "12"]
[White "Mamedyarov, Shakhriyar"]
[Black "Esen, Baris"]
[Result "1-0"]
[WhiteElo "2726"]
[BlackElo "2575"]
[PlyCount "99"]
[EventDate "2012.??.??"]

1. d4 d5 2. c4 c6 3. Nc3 Nf6 4. e3 e6 5. Nf3 Nbd7 6. Bd3 dxc4 7. Bxc4 b5 8. Bd3
a6 9. e4 c5 10. d5 Qc7 11. O-O Bb7 12. Bc2 Bd6 13. dxe6 fxe6 14. Ng5 Nf8 15. f4
O-O-O 16. Qe2 h6 17. Nf3 Bxf4 18. e5 Bxf3 19. Qxf3 Bxe5 20. Qa8+ Kd7 21. Qxa6
Ke7 22. Kh1 Bxh2 23. Be3 Qe5 24. Rf3 Bg3 25. Qxb5 N8d7 26. Bg6 h5 27. Rd1 Rhf8
28. Ne2 Rb8 29. Qd3 h4 30. Nxg3 hxg3 31. Bf4 Rh8+ 32. Kg1 Qd4+ 33. Qxd4 cxd4
34. Bxb8 Rxb8 35. Rxd4 Rxb2 36. Ra4 Rd2 37. Rxg3 Ne5 38. Kh2 Re2 39. Kg1 Rd2
40. Bh7 Kf7 41. Ra7+ Kf8 42. Rc3 Neg4 43. Rc8+ Ne8 44. Bc2 Re2 45. g3 Re1+ 46.
Kg2 Rc1 47. Rac7 Ngf6 48. a4 e5 49. a5 e4 50. Rf7+ 1-0

[Event "Turkish League 2012"]
[Site "?"]
[Date "2012.07.21"]
[Round "12"]
[White "Nyzhnyk, Illya"]
[Black "Bologan, Viktor"]
[Result "1/2-1/2"]
[WhiteElo "2599"]
[BlackElo "2732"]
[PlyCount "59"]
[EventDate "2012.??.??"]

1. d4 Nf6 2. c4 c5 3. d5 b5 4. cxb5 a6 5. f3 g6 6. e4 Bg7 7. Na3 O-O 8. Ne2 e6
9. d6 Ne8 10. Nc3 axb5 11. Naxb5 Nc6 12. Be3 Ba6 13. Qd2 f5 14. Bxc5 fxe4 15.
Nxe4 Rf5 16. Nbc3 Bxf1 17. Rxf1 Nf6 18. Bf2 Nd5 19. g4 Ne5 20. O-O-O Nxf3 21.
Qe2 Rf8 22. Nxd5 exd5 23. Rxd5 Ra4 24. Nc5 Rb4 25. Nb3 Rxb3 26. axb3 Qa8 27.
Qc4 Qa1+ 28. Kc2 Qxb2+ 29. Kd1 Kh8 30. Be3 1/2-1/2

[Event "Turkish League 2012"]
[Site "?"]
[Date "2012.07.21"]
[Round "12"]
[White "Mamedov, Nidjat"]
[Black "Adams, Michael"]
[Result "1/2-1/2"]
[WhiteElo "2601"]
[BlackElo "2723"]
[PlyCount "29"]
[EventDate "2012.??.??"]

1. e4 e5 2. Nf3 Nc6 3. Bb5 a6 4. Ba4 Nf6 5. O-O Be7 6. Re1 b5 7. Bb3 O-O 8. h3
Bb7 9. d3 d5 10. exd5 Nxd5 11. Nxe5 Nxe5 12. Rxe5 Qd6 13. Re1 c5 14. Nd2 Qc7
15. Bxd5 1/2-1/2

[Event "Dortmund Sparkassen"]
[Site "?"]
[Date "2012.07.21"]
[Round "8"]
[White "Caruana, Fabiano"]
[Black "Kramnik, Vladimir"]
[Result "1-0"]
[WhiteElo "2775"]
[BlackElo "2799"]
[PlyCount "105"]
[EventDate "2012.??.??"]

1. e4 e5 2. Nf3 Nc6 3. Bb5 Nf6 4. d3 Bc5 5. O-O d6 6. c3 O-O 7. Nbd2 Ne7 8. d4
exd4 9. cxd4 Bb6 10. b3 d5 11. e5 Ne4 12. Bd3 Bf5 13. Qe2 Nc6 14. Bb2 Nxd2 15.
Qxd2 Be4 16. Be2 f6 17. b4 fxe5 18. dxe5 Kh8 19. b5 Ne7 20. Ng5 Ng6 21. g3 Qe7
22. e6 Rf5 23. Nxe4 dxe4 24. Qd7 Raf8 25. Qxe7 Nxe7 26. Ba3 Re8 27. Rad1 h5 28.
Rd7 Nd5 29. Rf7 Nf6 30. Bc4 Bc5 31. Bb2 Re7 32. Bd4 Bd6 33. Re1 b6 34. Rf8+ Kh7
35. Rxe4 Rxf2 36. Kxf2 Nxe4+ 37. Kg2 Nc5 38. Ra8 Nxe6 39. Bd3+ Kh6 40. h4 g6
41. Rh8+ Rh7 42. Rg8 Rg7 43. Bxg7+ Kh7 44. Re8 Nxg7 45. Re3 Kh6 46. a4 Kh7 47.
Kh3 Kh6 48. Bc2 Kh7 49. g4 hxg4+ 50. Kxg4 Kh6 51. Re2 Bb4 52. Re5 Nh5 53. Re6
1-0

[Event "Dortmund Sparkassen"]
[Site "?"]
[Date "2012.07.21"]
[Round "8"]
[White "Fridman, Daniel"]
[Black "Naiditsch, Arkadij"]
[Result "1/2-1/2"]
[WhiteElo "2655"]
[BlackElo "2700"]
[PlyCount "90"]
[EventDate "2012.??.??"]

1. d4 Nf6 2. c4 e6 3. Nf3 d5 4. g3 dxc4 5. Bg2 a6 6. Ne5 Bb4+ 7. Nc3 Nd5 8. O-O
Nxc3 9. bxc3 Bxc3 10. Rb1 Qxd4 11. Qa4+ b5 12. Qa3 Qxe5 13. Bf4 Qf6 14. Bxc7 b4
15. Rxb4 Bxb4 16. Qxb4 a5 17. Qb5+ Bd7 18. Qb6 Na6 19. Bxa8 Nxc7 20. Qxc7 Qd8
21. Qa7 O-O 22. Be4 Bc8 23. Qc5 Ba6 24. Rb1 Qd2 25. Bxh7+ Kxh7 26. Qxf8 Qxa2
27. Rb8 Qa1+ 28. Kg2 Qe5 29. h4 c3 30. h5 Qxh5 31. Qh8+ Kg6 32. Qxh5+ Kxh5 33.
Rb3 Bxe2 34. Rxc3 a4 35. Rc7 Kg6 36. Ra7 Bd1 37. f4 f5 38. Kf2 Kf6 39. Ke3 Bb3
40. Kd4 g5 41. Ra8 gxf4 42. gxf4 Bd1 43. Ra6 Bb3 44. Ra8 Bd1 45. Ra6 Bb3
1/2-1/2

[Event "Dortmund Sparkassen"]
[Site "?"]
[Date "2012.07.21"]
[Round "8"]
[White "Gustafsson, Jan"]
[Black "Ponomariov, Ruslan"]
[Result "0-1"]
[WhiteElo "2629"]
[BlackElo "2726"]
[PlyCount "140"]
[EventDate "2012.??.??"]

1. d4 d5 2. Nf3 Nf6 3. c4 c6 4. Nc3 e6 5. e3 Nbd7 6. Qc2 Bd6 7. Bd3 O-O 8. O-O
dxc4 9. Bxc4 e5 10. Bb3 h6 11. h3 Re8 12. Bd2 e4 13. Nh4 Bb8 14. Nf5 Nb6 15.
Ng3 Bxg3 16. fxg3 Be6 17. g4 Bc4 18. Bxc4 Nxc4 19. Ne2 Nd6 20. Nc3 Rc8 21. Be1
Nd5 22. Nxd5 cxd5 23. Qe2 Re7 24. Bh4 f6 25. Rac1 Rxc1 26. Rxc1 Rc7 27. Qe1
Rxc1 28. Qxc1 Qc8 29. Qxc8+ Nxc8 30. Kf1 Kf7 31. Ke2 Kg6 32. Bg3 h5 33. gxh5+
Kxh5 34. Bc7 Ne7 35. Bd6 Nc6 36. b3 g5 37. g3 f5 38. Kd2 f4 39. gxf4 gxf4 40.
Bxf4 Kh4 41. Bd6 Kxh3 42. Ke2 Kg2 43. Bc5 a6 44. Bd6 Nd8 45. Be5 Nf7 46. Bf4
Nd8 47. Be5 Kg1 48. Ke1 Nc6 49. Bd6 Na7 50. a4 Nc6 51. b4 Kg2 52. Ke2 Na7 53.
Bc5 Nc8 54. a5 Kg3 55. Bf8 Na7 56. Bd6+ Kg2 57. Bc5 Nb5 58. Bf8 Na3 59. Be7 Nc4
60. Bc5 Nb2 61. Be7 Nd3 62. Bd6 Nf2 63. Bf4 Nh1 64. Kd2 Kf3 65. b5 axb5 66. Kc3
Nf2 67. Bg5 Nd1+ 68. Kb4 Nxe3 69. Kxb5 Nc4 70. Kc5 e3 0-1

[Event "Dortmund Sparkassen"]
[Site "?"]
[Date "2012.07.21"]
[Round "8"]
[White "Meier, Georg"]
[Black "Karjakin, Sergey"]
[Result "1/2-1/2"]
[WhiteElo "2644"]
[BlackElo "2779"]
[PlyCount "112"]
[EventDate "2012.??.??"]

1. d4 d5 2. c4 c6 3. Nf3 Nf6 4. e3 Bf5 5. Nc3 e6 6. Nh4 Bg6 7. Nxg6 hxg6 8. Bd2
Nbd7 9. Rc1 Bd6 10. g3 Qe7 11. Qb3 Rb8 12. Bg2 O-O 13. O-O b5 14. c5 Bc7 15. f4
a5 16. Qc2 a4 17. h3 Nh7 18. e4 f5 19. e5 g5 20. Ne2 g6 21. g4 Kh8 22. h4 gxh4
23. g5 Kg7 24. Kf2 Rh8 25. Rh1 Nhf8 26. Rh3 Ra8 27. Rch1 Ba5 28. Be3 Ra7 29.
Nc1 Nb8 30. Kf1 Qd8 31. Bf3 Kg8 32. Rxh4 Rxh4 33. Rxh4 Qe7 34. Bd1 Na6 35. Rh2
Qb7 36. a3 Nb8 37. Nd3 Qa8 38. Qb1 Kf7 39. Bc2 Bd8 40. Ke2 Ke8 41. Kf3 Rh7 42.
Rxh7 Nxh7 43. Qh1 Nf8 44. Qh6 Qa7 45. Bd2 Qh7 46. Qxh7 Nxh7 47. b3 axb3 48.
Bxb3 Kd7 49. a4 bxa4 50. Bxa4 Kc8 51. Ke2 Kb7 52. Kd1 Nf8 53. Kc2 Na6 54. Kb3
Nb8 55. Kc2 Na6 56. Kb3 Nb8 1/2-1/2